000 01058cam a2200277 a 4500
005 19990823202851.0
008 960205s1997 njua 001 0 eng
010 _aENG-95615
020 _a9788120338364
_c525.00
035 _aENG-79148
037 _bDBAD/PUB
040 _aDPL
082 _a628
_220
100 _aNathanson, Jerry A.
245 _aBasic environmental technology :
_bwater supply, waste management, and pollution control /
_cJerry A. Nathanson.
250 _a5th ed.
260 _aNew Delhi
_bPHI Learning P. Ltd
_c2008
300 _aviii, 531 p. :
_bill. ;
_c29 cm.
504 _aIncludes bibliographical references and index.
650 _aEnvironmental engineering.
650 _aSanitary engineering.
650 _aPollution.
942 _2ddc
_cEN
_h628
_mNAT
999 _c32349
_d32349